| 000 | 00898nam a22002417a 4500 | ||
|---|---|---|---|
| 003 | EG-ScBUE | ||
| 005 | 20221016101141.0 | ||
| 008 | 100222s2005 enk|||||r|||| 001 0 eng d | ||
| 020 | _a0500342067 | ||
| 020 | _a9780500342060 | ||
| 040 |
_aEG-ScBUE _beng _erda _cEG-ScBUE _dEG-ScBUE |
||
| 082 | 0 | 4 |
_222 _a720.92 _bSTE |
| 100 | 1 |
_911602 _aSteele, James, _d1943- _eauthor. |
|
| 245 | 1 | 4 |
_aThe architecture of Rasem Badran : _bnarratives on people and place / _cJames Steele. |
| 264 | 1 |
_aLondon : _bThames & Hudson, _c2005. |
|
| 300 |
_a256 pages : _billustrations (chiefly color), maps (some color), portraits ; _c28 cm |
||
| 504 | _aIncludes bibliographical references and index. | ||
| 600 | 1 | 7 |
_911603 _aBadran, Rasem _d1945- _xCriticism and interpretation. _2BUEsh |
| 650 | 7 |
_911604 _aArchitecture, Islamic. _2BUEsh |
|
| 653 | _bENGARC | ||
| 655 | _vReading book | ||
| 942 |
_2ddc _cBB |
||
| 999 |
_c13445 _d13445 |
||